000 01088cam a2200301 a 4500
001 000015641
005 20240306073909.0
008 100206s1948 cu a 000 0 spa d
040 _aDO-SdBNP
_bspa
_cBNPHU
082 _aCu866.3
_bM378ó, 1948
100 1 _aMartí, José,
_d1853-1895
_9645
245 1 0 _aObras completas /
_cJosé Martí ; prólogo y síntesis biográfica por M. Isidro Méndez.
250 _a2a ed.
260 _aLa Habana :
_bLex,
_c1948.
300 _av. :
_bil. ;
_c22 cm.
500 _aLa biblioteca posee el volumen 1, tomo 1.
500 _aConmemorativa del cincuentenario de su muerte.
505 0 _gv.1/t.1.
_tCartas-Testamentos literario. Patria e Independencia. Letras, educación y pintura (crítica y didáctica).
650 4 _aCartas cubanas
_99692
600 1 0 _aMartí, José,
_d1853-1895
_9645
650 4 _aEnsayos cubanos
_95691
650 4 _aLiteratura cubana
_91483
650 4 _aNovela cubana
_92316
650 4 _aPoesía cubana
_95226
700 1 _aMéndez, M. Isidro,
_epról.
_934744
910 _aCatalogación derivada
049 _aBNGR
999 _c15193
_d15193